Größte Städte in Niedersachsen nach Buchstabe. - Statistiken

Allgemein
  • Dieses Quiz wurde 120 mal gespielt
  • Das Durchschnittsergebnis liegt bei 13 aus 24
Antwortstatistiken
Hint Antwort % Korrekt
H Hannover
100%
B Braunschweig
95%
W Wolfsburg
94%
O Oldenburg
92%
G Göttingen
84%
C Celle
82%
E Emden
81%
S Salzgitter
79%
L Lüneburg
75%
D Delmenhorst
72%
A Aurich
57%
U Uelzen
57%
P Peine
54%
V Vechta
54%
N Nordhorn
43%
Q Quakenbrück
35%
J Jever
34%
M Melle
27%
R Rinteln
18%
Z Zeven
17%
I Isernhagen
16%
F Friesoythe
4%
T Tostedt
3%
K Königslutter am Elm
0%
Keine übereinstimmenden Quizze gefunden
Verteilung der Resultate
Anzahl Personen mit jedem Resultat
Perzentil nach korrekt beantworteten Fragen
Ihre Resultats-Entwicklung
Sie haben dieses Quiz noch nicht gespielt